000 00909nam a22002417a 4500
999 _c18363
_d18363
003 AR-CdUCM
008 190513b ||||| |||| 00| 0 spa d
040 _aMUNICIPALIDAD PROVINCIAL DEL CUSCO
_cBIBLIOTECA MUNICIPAL DEL CUSCO
041 _heng
082 _a535 /
_bR91
100 _aRuchlis, Hy
_938895
245 _aLas maravillas de la luz /
260 _aBuenos Aires :
_bPlaza & Janes,
_c1965.
300 _a173 páginas ;
_bilustraciones, figuras,
_c18 cm.
505 _aContenido: Energía luminosa -- La velocidad de la luz -- La presión de un rayo de luz -- Cambios provocados por la luz -- La luz y la relatividad -- Visión de las cosas -- Iluminación ...
650 _aEnergía
_915841
650 _aReflejos
_915497
650 _aEspejos
_938896
700 _aPrado, Laura (traducción)
_938897
700 _aOduber (portada)
_938898
942 _2ddc
_cLIBROS
945 _aachl
_d2019-05-13